000 01745nam a2200349 i 4500
001 46398
003 ES-MaACL
005 20250728062601.0
007 t|
008 150120s2003 sp ||||1| spa d
020 _a84-920047-8-9
080 _a262.2(460.184 Villalpando)(091)
080 _a255(460.184 Villalpando)(091)
080 _a27(460.184 Villalpando)
080 _a726.54(460.184 Villalpando)(091)
100 1 _aCalvo Lozano, Luis.
_9156139
245 1 0 _aParroquias, archivos y cofradías de Villalpando
_b: del manuscrito inédito "Relación general y particular de las parroquias de Villalpando" recopilado en el año 1920 por el historiador y párroco de esta villa Luis Calvo Lozano, ordenado, trascrito y ampliado por su sobrino-nieto Pablo Román Allende con la colaboración y supervisión de A. Tomás Osorio Burón.
260 _aBenavente [Zamora] :
_bCentro de Estudios Benaventanos "Ledo del Pozo",
_c2003.
300 _a476 p. ;
_c25 cm.
490 1 _aMonografías (Centro de Estudios Benaventanos "Ledo del Pozo") ;
_v7
650 4 _aParroquias-
_zVillalpando-
_vHistoria.
_9156134
650 4 _aCofradías-
_zVillalpando-
_vHistoria.
_9156135
651 4 _aVillalpando-
_xHistoria eclesiástica.
_9156136
700 1 _aRomán Allende, Pablo.
_9156137
700 1 _aOsorio Burón, A. Tomás.
_9156138
710 2 _aCentro de Estudios Benaventanos "Ledo del Pozo"
_9144530
830 0 0 _aMonografías (Centro de Estudios Benaventanos "Ledo del Pozo")
_v7
_9177262
852 _aES-MaACL
_jN-6318
_948124
_bR.150317
_cDEPO1
_dOlim: N-6318
_hDonación: Centro de Estudios Benaventanos
914 _9144530
_aCentro de Estudios Benaventanos "Ledo del Pozo"
_ednr
942 _2udc
_cMONOGRAFIA
999 _c46398
_d46398